[Event "Wuertemberg-ch Seniors 27th"]
[Site "Freudenstadt"]
[Date "2015.07.10"]
[Round "8"]
[White "Kunzelmann, Karl Heinz"]
[Black "Gabriel, Klaus"]
[Result "1-0"]
[WhiteElo "1673"]
[BlackElo "1649"]
[PlyCount "99"]
[EventDate "2015.07.03"]
[EventType "swiss"]
[EventRounds "9"]
[EventCountry "GER"]
[SourceTitle "EXT 2016"]
[Source "ChessBase"]
[SourceDate "2015.10.08"]
[SourceVersion "1"]
[SourceVersionDate "2015.10.08"]
[SourceQuality "1"]

1. c4 c5 2. Nc3 Nc6 3. Nf3 e5 4. g3 Nf6 5. Bg2 Be7 6. d3 Rb8 7. 0-0 0-0 8. b3 d6 9. Bb2 Bd7 10. e3 Bg4 11. h3 Bxf3 12. Qxf3 a6 13. Rfd1 Qc7 14. Nd5 Nxd5 15. cxd5 Nd8 16. Rac1 b5 17. Qg4 f5 18. Qe2 Qb6 19. d4 e4 20. dxc5 dxc5 21. Be5 Bd6 22. Qb2 Rb7 23. h4 Rd7 24. Bh3 Bxe5 25. Qxe5 g6 26. g4 Qf6 27. Qxf6 Rxf6 28. Rxc5 fxg4 29. Bxg4 Rdd6 30. Rd4 h5 31. Bh3 Rf8 32. Rxe4 Nb7 33. Rc6 Rdf6 34. Rxf6 Rxf6 35. Be6+ Kg7 36. Bc8 Nd6 37. Re7+ Kf8 38. Rc7 Nxc8 39. Rxc8+ Ke7 40. Kg2 Kd7 41. Rg8 Kd6 42. e4 Ke5 43. f3 Kf4 44. Rc8 Rd6 45. Rc6 Ke5 46. Rxd6 Kxd6 47. Kg3 b4 48. Kf4 Ke7 49. Kg5 Kf7 50. e5 1-0

[Event "Wuertemberg-ch Seniors 27th"]
[Site "Freudenstadt"]
[Date "2015.07.09"]
[Round "7"]
[White "Mueller, Herbert"]
[Black "Kunzelmann, Karl Heinz"]
[Result "1-0"]
[WhiteElo "1731"]
[BlackElo "1673"]
[PlyCount "229"]
[EventDate "2015.07.03"]
[EventType "swiss"]
[EventRounds "9"]
[EventCountry "GER"]
[SourceTitle "EXT 2016"]
[Source "ChessBase"]
[SourceDate "2015.10.08"]
[SourceVersion "1"]
[SourceVersionDate "2015.10.08"]
[SourceQuality "1"]

1. e4 e5 2. Nf3 d6 3. c3 Nf6 4. Qc2 Bg4 5. Be2 Be7 6. h3 Bxf3 7. Bxf3 0-0 8. 0-0 Nbd7 9. d4 c6 10. Rd1 Rc8 11. Be3 a6 12. Nd2 b5 13. Nf1 Qc7 14. Ng3 Ne8 15. Qe2 g6 16. a4 Bf6 17. axb5 axb5 18. d5 c5 19. Qxb5 Rb8 20. Qe2 Ng7 21. Bg4 Nb6 22. c4 Bh4 23. Nf1 h5 24. Bf3 Qe7 25. g3 Bf6 26. b3 Bg5 27. h4 Bxe3 28. Qxe3 Nd7 29. Ra7 Qd8 30. Rda1 Nf6 31. Nd2 Nh7 32. Bd1 Nf6 33. Kg2 Qc8 34. Qg5 Nh7 35. Qe7 Qd8 36. Qxd8 Rfxd8 37. f3 Nf6 38. Nb1 Nd7 39. Nc3 f5 40. Nb5 Nf6 41. Bc2 fxe4 42. fxe4 Ng4 43. Re1 Ne8 44. Bd1 Ngf6 45. Kf2 Ra8 46. Ke3 Rxa7 47. Nxa7 Ra8 48. Nb5 Ra1 49. Kd2 Ra2+ 50. Kd3 Rg2 51. Re3 Kg7 52. Na3 Kh6 53. Nc2 g5 54. hxg5+ Kxg5 55. Ne1 Rb2 56. Nf3+ Kh6 57. Kc3 Rg2 58. Nh4 Rg1 59. Nf5+ Kg5 60. Bf3 Ng4 61. Bxg4 hxg4 62. Kd3 Rb1 63. Kc2 Rf1 64. Kc3 Rf3 65. Kd3 Rf1 66. Ke2 Rb1 67. Kd2 Rf1 68. Kd3 Rb1 69. Kc2 Rf1 70. Kd2 Rb1 71. Kc2 Rf1 72. Rd3 Rf2+ 73. Kc3 Rf3 74. Rxf3 gxf3 75. Kd3 Kg4 76. Ke3 Kg5 77. Kxf3 Kg6 78. Ke3 Kg5 79. Kd3 Kg4 80. Kc2 Kf3 81. Kd3 Kg4 82. Ke3 Kg5 83. Kf3 Kg6 84. g4 Kg5 85. Ne7 Nf6 86. Nc8 Ne8 87. Kg3 Kg6 88. Kh4 Kh6 89. g5+ Kg6 90. Kg4 Kf7 91. Kh5 Kg7 92. g6 Nf6+ 93. Kg5 Nxe4+ 94. Kf5 Nd2 95. Nxd6 Nxb3 96. Kxe5 Kxg6 97. Ne4 Kf7 98. d6 Ke8 99. Ke6 Kd8 100. d7 Nd4+ 101. Kd6 Nf5+ 102. Ke6 Nd4+ 103. Kd6 Nf5+ 104. Kxc5 Kxd7 105. Kb6 Ne7 106. c5 Nd5+ 107. Kb7 Kd8 108. c6 Ne7 109. c7+ Kd7 110. Nc3 Kd6 111. Ne4+ Ke6 112. Nc3 Kd6 113. Nb5+ Kd7 114. Nd4 Kd6 115. Nc6 1-0

[Event "Wuertemberg-ch Seniors 27th"]
[Site "Freudenstadt"]
[Date "2015.07.05"]
[Round "3"]
[White "Heni, Norbert"]
[Black "Kunzelmann, Karl Heinz"]
[Result "1-0"]
[WhiteElo "1793"]
[BlackElo "1673"]
[PlyCount "45"]
[EventDate "2015.07.03"]
[EventType "swiss"]
[EventRounds "9"]
[EventCountry "GER"]
[SourceTitle "EXT 2016"]
[Source "ChessBase"]
[SourceDate "2015.10.08"]
[SourceVersion "1"]
[SourceVersionDate "2015.10.08"]
[SourceQuality "1"]

1. c4 e5 2. g3 Nc6 3. Bg2 Nf6 4. Nc3 Be7 5. e3 0-0 6. Nge2 a6 7. d4 exd4 8. exd4 Bb4 9. 0-0 Re8 10. Bg5 h6 11. Bxf6 Qxf6 12. Nd5 Qd6 13. a3 Rxe2 14. Qxe2 Nxd4 15. Qe4 Bc5 16. b4 Ba7 17. c5 Bxc5 18. bxc5 Qxc5 19. Qe8+ Kh7 20. Be4+ f5 21. Bg2 Ne6 22. Ne7 Qd4 23. Qg8# 1-0

[Event "Wuerttemberg-ch Seniors 15th"]
[Site "Ellwangen"]
[Date "2003.04.13"]
[Round "3"]
[White "Kunzelmann, Karl Heinz"]
[Black "Biehler, Peter"]
[Result "1/2-1/2"]
[WhiteElo "1565"]
[BlackElo "1621"]
[PlyCount "74"]
[EventDate "2003.04.??"]
[EventType "swiss"]
[EventRounds "9"]
[EventCountry "GER"]
[SourceTitle "EXT 2006"]
[Source "ChessBase"]
[SourceDate "2005.11.24"]
[SourceVersion "1"]
[SourceVersionDate "2005.11.24"]
[SourceQuality "1"]

1. c4 c5 2. Nc3 Nc6 3. g3 g6 4. Bg2 Bg7 5. e3 d6 6. Nge2 Rb8 7. 0-0 Bd7 8. a3 Nf6 9. Nf4 0-0 10. Ncd5 a6 11. Nxf6+ Bxf6 12. Nd5 Bg7 13. Rb1 b5 14. d3 e6 15. Nf4 b4 16. axb4 Nxb4 17. Ne2 Bc6 18. e4 Qc7 19. b3 Bb7 20. Bb2 Bxb2 21. Rxb2 Nc6 22. Qd2 e5 23. h4 Kg7 24. Rfb1 a5 25. Bh3 h6 26. Kg2 Bc8 27. Kh2 Rb4 28. Bg2 Be6 29. Bh3 Rfb8 30. Bxe6 fxe6 31. f4 a4 32. bxa4 Rxb2 33. Rxb2 Rxb2 34. Qxb2 Nb4 35. Qc3 Kf7 36. fxe5 dxe5 37. Kh3 Qd6 1/2-1/2

[Event "Wuerttemberg-ch Seniors 13th"]
[Site "Ellwangen"]
[Date "2001.??.??"]
[Round "1"]
[White "Kunzelmann, Karl Heinz"]
[Black "Freder, Heinrich"]
[Result "0-1"]
[WhiteElo "1500"]
[BlackElo "1905"]
[PlyCount "62"]
[EventDate "2001.04.??"]
[EventType "swiss"]
[EventRounds "9"]
[EventCountry "GER"]
[SourceTitle "EXT 2006"]
[Source "ChessBase"]
[SourceDate "2005.11.24"]
[SourceVersion "1"]
[SourceVersionDate "2005.11.24"]
[SourceQuality "1"]

1. c4 c5 2. Nc3 Nc6 3. g3 g6 4. Bg2 Bg7 5. e3 Rb8 6. Nge2 d6 7. 0-0 Bd7 8. a3 Nf6 9. d3 0-0 10. Bd2 a6 11. Qc2 b5 12. cxb5 axb5 13. Nd5 Nxd5 14. Bxd5 e6 15. Bg2 b4 16. axb4 Nxb4 17. Bxb4 Rxb4 18. Rfb1 Qb6 19. Ra2 Rb8 20. d4 cxd4 21. exd4 Bxd4 22. Nxd4 Rxd4 23. Ra8 Rxa8 24. Bxa8 d5 25. b3 Rb4 26. h4 Qb8 27. Bc6 Bxc6 28. Qxc6 Rxb3 29. Rxb3 Qxb3 30. Qe8+ Kg7 31. g4 Qd1+ 0-1